000 00320nam a22001337a 4500
008 171002b xxu||||| |||| 00| 0 eng d
020 _a9780618441358
041 _aeng
080 _22ND
_a37
100 _a47
101 _aEDU
245 _aMAKING SENSE ESSAYS ON ART SCIENCE, AND CULTURE
_cCOLEMAN,B
942 _2udc
_cBK
999 _c31150
_d31150